[Event "OLNN 1819 SC Diogenes - Schachfreunde H"]
[Site "?"]
[Date "2018.11.25"]
[Round "3.3"]
[White "Neffe, Axel"]
[Black "Schulenburg, Torben"]
[Result "0-1"]
[WhiteElo "2227"]
[BlackElo "2150"]
[PlyCount "146"]
[EventDate "2018.??.??"]

1. d4 Nf6 2. c4 g6 3. Nc3 d5 4. Nf3 Bg7 5. Qb3 dxc4 6. Qxc4 O-O 7. e4 Nc6 8.
Be3 Nd7 9. O-O-O Nb6 10. Qc5 Bg4 11. Be2 e6 12. h3 Bxf3 13. gxf3 f5 14. d5 exd5
15. Nxd5 Nxd5 16. Qxd5+ Qxd5 17. exd5 Ne5 18. f4 Nf7 19. h4 h5 20. Rhg1 Kh7 21.
Rg2 Bf6 22. d6 Nxd6 23. Bf3 Rad8 24. Rdg1 Rg8 25. Bd5 Rg7 26. Rd1 b6 27. Bc6
Re7 28. Bf3 Kh6 29. Rdg1 Rg8 30. b3 Nb5 31. Rd1 Nd6 32. Kc2 Kh7 33. Rdg1 Rgg7
34. Rd1 Kh6 35. Rdg1 Re8 36. Bc6 Rf8 37. Bf3 c5 38. a4 Re8 39. Rd1 Rd8 40. Bc1
Ne8 41. Re1 Nc7 42. Re2 Rd6 43. Re3 Re7 44. Rh2 Kg7 45. Rh1 Ne6 46. Kb1 Kf7 47.
Be2 Nd4 48. Bc4+ Kg7 49. Reh3 Ne2 50. Be3 Nc3+ 51. Kc2 Nd5 52. Rg1 Nb4+ 53. Kb1
Re4 54. Rhg3 Bd8 55. Bc1 Bxh4 56. Rh3 Bxf2 57. Rg2 Bd4 58. Rxh5 Re1 59. Rxf5
Bf6 60. Be2 Nd3 61. Bxd3 Rxd3 62. Rxf6 Kxf6 63. Kc2 Rf3 64. Bd2 Ref1 65. Rh2
R1f2 66. Rh8 Rxf4 67. Kc1 R4f3 68. Ra8 Ke5 69. Rxa7 Rxb3 70. a5 bxa5 71. Bxa5
Rh3 72. Re7+ Kd5 73. Re1 Ra3 0-1

[Event "OLNN 1819 SC Diogenes - Schachfreunde H"]
[Site "?"]
[Date "2018.11.25"]
[Round "3.4"]
[White "Stephan, Axel"]
[Black "Hermesmann, Hans"]
[Result "0-1"]
[WhiteElo "2224"]
[BlackElo "2235"]
[PlyCount "72"]
[EventDate "2018.??.??"]

1. e4 c5 2. Nf3 d6 3. g3 Nf6 4. d3 g6 5. Bg2 Bg7 6. O-O Nc6 7. Nbd2 O-O 8. c3
Rb8 9. h3 b6 10. d4 cxd4 11. cxd4 e5 12. d5 Nb4 13. Qb3 a5 14. a3 Na6 15. Rd1
Nc5 16. Qc2 a4 17. Ne1 Bd7 18. Nd3 Rc8 19. Nxc5 Rxc5 20. Qb1 Qc8 21. b4 Rc2 22.
Nf1 Nh5 23. Ne3 Rc3 24. Kh2 f5 25. Bb2 Rb3 26. Rc1 Qd8 27. exf5 gxf5 28. Rc3 f4
29. Rxb3 axb3 30. Nc4 Bb5 31. Nd2 fxg3+ 32. fxg3 Nxg3 33. Nxb3 Ne2 34. Bc1 Qh4
35. Qc2 Qg3+ 36. Kh1 Rf1+ 0-1

[Event "OLNN 1819 SC Diogenes - Schachfreunde H"]
[Site "?"]
[Date "2018.11.25"]
[Round "3.5"]
[White "Ritscher, Jan-Paul"]
[Black "Korba, Roman"]
[Result "1/2-1/2"]
[WhiteElo "2250"]
[BlackElo "2131"]
[PlyCount "45"]
[EventDate "2018.??.??"]

1. e4 e6 2. d4 d5 3. e5 c5 4. c3 Nc6 5. Nf3 Bd7 6. a3 f6 7. Bd3 fxe5 8. Nxe5
Nxe5 9. dxe5 Ne7 10. O-O Qc7 11. Re1 O-O-O 12. c4 Kb8 13. Nc3 h6 14. Bf4 Bc6
15. Qc1 g5 16. Bg3 d4 17. Ne4 Nf5 18. Qd2 Be7 19. b4 h5 20. h3 Nxg3 21. fxg3 g4
22. hxg4 hxg4 23. b5 1/2-1/2

[Event "OLNN 1819 SC Diogenes - Schachfreunde H"]
[Site "?"]
[Date "2018.11.25"]
[Round "3.6"]
[White "Gottuk, Stefan"]
[Black "Andersen, Jens Knud"]
[Result "1/2-1/2"]
[WhiteElo "2180"]
[BlackElo "2137"]
[PlyCount "41"]
[EventDate "2018.??.??"]

1. d4 e6 2. Bf4 d5 3. e3 Nf6 4. c3 Bd6 5. Bg3 O-O 6. Nd2 c5 7. Bd3 Qc7 8. Ngf3
Nbd7 9. Bxd6 Qxd6 10. Qe2 e5 11. dxe5 Nxe5 12. Nxe5 Qxe5 13. h3 Bf5 14. Nf3
Bxd3 15. Nxe5 Bxe2 16. Kxe2 Rfe8 17. Nf3 Rad8 18. Rhd1 h6 19. Rd3 Rd6 20. Rad1
Rb6 21. R3d2 1/2-1/2

[Event "OLNN 1819 SC Diogenes - Schachfreunde H"]
[Site "?"]
[Date "2018.11.25"]
[Round "3.7"]
[White "Kull, Florian"]
[Black "Laqua, Christian"]
[Result "1/2-1/2"]
[WhiteElo "2189"]
[BlackElo "2127"]
[PlyCount "57"]
[EventDate "2018.??.??"]

1. Nf3 d6 2. e4 Nf6 3. Nc3 e5 4. d4 Nbd7 5. Bc4 Be7 6. O-O O-O 7. h3 c6 8. a4
b6 9. Re1 Bb7 10. d5 a6 11. dxc6 Bxc6 12. Bg5 Nc5 13. Bxf6 Bxf6 14. Qe2 Nxa4
15. Nxa4 b5 16. Bd5 Bxd5 17. exd5 bxa4 18. Rxa4 Qb6 19. b3 Rfc8 20. Qd3 Qb5 21.
Rea1 Qxd3 22. cxd3 e4 23. dxe4 Bxa1 24. Rxa1 Rcb8 25. Nd2 Kf8 26. Kf1 Ke7 27.
Ke2 Rb4 28. Kd3 a5 29. Kc3 1/2-1/2

[Event "OLNN 1819 SC Diogenes - Schachfreunde H"]
[Site "?"]
[Date "2018.11.25"]
[Round "3.8"]
[White "Apitzsch, Leon Fabian"]
[Black "Kluenger, Marc"]
[Result "1/2-1/2"]
[WhiteElo "1917"]
[BlackElo "2203"]
[PlyCount "120"]
[EventDate "2018.??.??"]

1. e4 c5 2. Nf3 e6 3. c3 Nf6 4. e5 Nd5 5. d4 cxd4 6. cxd4 d6 7. Nc3 Nxc3 8.
bxc3 Qc7 9. Bd2 Nd7 10. exd6 Bxd6 11. Bd3 b6 12. Qe2 Bb7 13. Be4 Bxe4 14. Qxe4
O-O 15. O-O Rac8 16. Rfc1 Qc4 17. Bg5 h6 18. Bh4 g5 19. Nd2 Qc6 20. Bg3 Ba3 21.
Rc2 Qxe4 22. Nxe4 Rc6 23. f4 f5 24. Nd2 Rfc8 25. Re1 g4 26. c4 Kf7 27. Re2 Bb4
28. Bh4 Bxd2 29. Rcxd2 Rxc4 30. d5 Re4 31. dxe6+ Kxe6 32. Rxe4+ fxe4 33. f5+
Kxf5 34. Rxd7 Rc1+ 35. Kf2 Rc2+ 36. Ke3 Rxa2 37. Bf2 Ra3+ 38. Ke2 Ra2+ 39. Rd2
Ra5 40. Rb2 Ke5 41. Be1 Rd5 42. Ra2 Rd7 43. Ra6 h5 44. Bg3+ Kf5 45. Bb8 Rb7 46.
Bxa7 Rc7 47. Ra2 Rb7 48. Ke3 h4 49. Ra6 Rc7 50. Bxb6 Rc2 51. Ra5+ Kg6 52. Kxe4
Rxg2 53. Bc7 g3 54. hxg3 hxg3 55. Kf3 Rc2 56. Bxg3 Kf6 57. Bf2 Ke6 58. Bd4 Rc1
59. Ke4 Re1+ 60. Be3 Kd6 1/2-1/2

[Event "OLNN 1819 SK Johanneum Eppendorf - SC K"]
[Site "?"]
[Date "2018.11.25"]
[Round "3.1"]
[White "Pfreundt, Jakob"]
[Black "Wedberg, Tom"]
[Result "1/2-1/2"]
[WhiteElo "2371"]
[BlackElo "2439"]
[PlyCount "63"]
[EventDate "2018.??.??"]

1. d4 Nf6 2. Nf3 e6 3. c4 c5 4. d5 d6 5. Nc3 exd5 6. cxd5 g6 7. Nd2 Nbd7 8. e4
Bg7 9. Be2 O-O 10. O-O Ne8 11. Nc4 Nb6 12. Bf4 Nxc4 13. Bxc4 a6 14. a4 Bd7 15.
Qd2 Rb8 16. a5 Qe7 17. Rfe1 f6 18. Na4 Bxa4 19. Rxa4 Qd7 20. Ra3 f5 21. e5 dxe5
22. d6+ Kh8 23. Rxe5 Bxe5 24. Bxe5+ Nf6 25. Qg5 Qf7 26. d7 Rbd8 27. Rd3 h6 28.
Qd2 Kh7 29. Bd6 Rh8 30. Be5 Rhf8 31. Bd6 Rh8 32. Be5 1/2-1/2

[Event "OLNN 1819 SK Johanneum Eppendorf - SC K"]
[Site "?"]
[Date "2018.11.25"]
[Round "3.2"]
[White "Ertan, Can"]
[Black "Zimmermann, Julian"]
[Result "1-0"]
[WhiteElo "2416"]
[BlackElo "2347"]
[PlyCount "101"]
[EventDate "2018.??.??"]

1. e4 c5 2. Nf3 d6 3. c3 Nf6 4. Qc2 Qc7 5. Bc4 e6 6. O-O Nbd7 7. Re1 b6 8. d4
cxd4 9. cxd4 b5 10. Bb3 Qxc2 11. Bxc2 Nb6 12. Nc3 Bd7 13. Bd3 a6 14. d5 b4 15.
dxe6 fxe6 16. Ne2 Ng4 17. a3 bxa3 18. Rxa3 d5 19. Rxa6 Rxa6 20. Bxa6 Bc5 21.
Ned4 e5 22. h3 Bb4 23. Re2 exd4 24. exd5+ Kf8 25. hxg4 Bxg4 26. Bb5 Nd7 27. Re4
Nf6 28. Rxd4 Bd6 29. Ra4 Kf7 30. Ng5+ Kg6 31. Bd3+ Kh5 32. Ne6 g5 33. Ng7+ Kh6
34. Rxg4 Nxg4 35. Nf5+ Kh5 36. Nxd6 Ra8 37. f3 Ne5 38. g4+ Kh6 39. Nf5+ Kg6 40.
Be4 Ra1 41. Nd4+ Kf6 42. Ne2 h5 43. gxh5 g4 44. fxg4 Nxg4 45. Kg2 Ke5 46. Bf3
Nf6 47. Bf4+ Kf5 48. Bc7 Rb1 49. Kg3 Rd1 50. Kh4 Rd4+ 51. Nxd4# 1-0

[Event "OLNN 1819 SK Johanneum Eppendorf - SC K"]
[Site "?"]
[Date "2018.11.25"]
[Round "3.3"]
[White "Rosmann, Ilja"]
[Black "Zart, Ruediger"]
[Result "1-0"]
[WhiteElo "2292"]
[BlackElo "2162"]
[PlyCount "81"]
[EventDate "2018.??.??"]

1. e4 c6 2. d4 d5 3. e5 Bf5 4. Nf3 e6 5. Be3 Ne7 6. Nbd2 Nd7 7. Be2 h6 8. O-O
Bh7 9. Ne1 Nf5 10. c3 c5 11. Bd3 cxd4 12. cxd4 Be7 13. g4 Nxe3 14. fxe3 O-O 15.
Bxh7+ Kxh7 16. Ng2 Rc8 17. Nf3 Nb6 18. Rf2 Qd7 19. Qd3+ g6 20. Raf1 Kg7 21.
Nfh4 Bg5 22. Nf3 Be7 23. h4 Nc4 24. g5 h5 25. Nfe1 Qb5 26. b3 Na3 27. Qd1 Rc3
28. Nf4 Rxe3 29. Nxh5+ Kg8 30. Nf6+ Bxf6 31. gxf6 Qb4 32. Rg2 Re4 33. Nf3 Qc3
34. h5 Qe3+ 35. Rff2 Rc8 36. Qd2 Rc1+ 37. Kh2 Qxd2 38. Rxd2 Rc3 39. Ng5 Rc6 40.
hxg6 fxg6 41. Rdf2 1-0

[Event "OLNN 1819 SK Johanneum Eppendorf - SC K"]
[Site "?"]
[Date "2018.11.25"]
[Round "3.4"]
[White "Schroeder, Christoph"]
[Black "Borgmeyer, Max"]
[Result "1/2-1/2"]
[WhiteElo "2174"]
[BlackElo "2201"]
[PlyCount "100"]
[EventDate "2018.??.??"]

1. e4 c5 2. Nc3 Nc6 3. Nge2 Nf6 4. d4 cxd4 5. Nxd4 e6 6. Ndb5 Bc5 7. Bf4 O-O 8.
Bc7 Qe7 9. Bd6 Bxd6 10. Qxd6 Ne8 11. Qxe7 Nxe7 12. O-O-O f5 13. e5 f4 14. Bd3
Nc6 15. Rhe1 a6 16. Nd6 Nxd6 17. exd6 b5 18. a4 bxa4 19. Nxa4 Rb8 20. Nc5 Rb6
21. Be4 Nd8 22. Rd4 Rb5 23. Nd3 Nf7 24. c4 Rb8 25. c5 Nd8 26. Bf3 g5 27. h4 h6
28. hxg5 hxg5 29. Ne5 Rf5 30. Bg4 Nc6 31. Rde4 Rxe5 32. Rxe5 Nxe5 33. Rxe5 Bb7
34. Rxg5+ Kf7 35. Be2 Rc8 36. b4 a5 37. Bb5 Bc6 38. Ba6 Rh8 39. b5 Be4 40. f3
Rh1+ 41. Kd2 a4 42. c6 a3 43. c7 a2 44. c8=Q Rd1+ 45. Kxd1 a1=Q+ 46. Qc1 Qd4+
47. Qd2 Bd3 48. b6 Qa4+ 49. Ke1 Qa1+ 50. Qd1 Qc3+ 1/2-1/2

[Event "OLNN 1819 SK Johanneum Eppendorf - SC K"]
[Site "?"]
[Date "2018.11.25"]
[Round "3.5"]
[White "Wolter, Michael"]
[Black "von Gleich, Alexander"]
[Result "0-1"]
[WhiteElo "2170"]
[BlackElo "2318"]
[PlyCount "62"]
[EventDate "2018.??.??"]

1. d4 Nf6 2. Nf3 e6 3. e3 d5 4. Bd3 Be7 5. O-O c5 6. b3 O-O 7. Bb2 b6 8. Qe2 a5
9. c4 a4 10. bxa4 Rxa4 11. Nc3 Ra5 12. Rfd1 Bb7 13. dxc5 bxc5 14. e4 d4 15. Nb1
Nc6 16. Nbd2 Nb4 17. a3 Nxd3 18. Qxd3 Qa8 19. Re1 Rb8 20. Bc1 Nd7 21. Rb1 Bc6
22. h4 h6 23. g4 Rxb1 24. Qxb1 Qd8 25. g5 hxg5 26. Nb3 Ra4 27. Nxg5 Bxg5 28.
Bxg5 f6 29. Bf4 Rxc4 30. Qd3 Rc3 31. Qa6 Qa8 0-1

[Event "OLNN 1819 SK Johanneum Eppendorf - SC K"]
[Site "?"]
[Date "2018.11.25"]
[Round "3.6"]
[White "Keyser, Robin"]
[Black "Harder, Clemens"]
[Result "0-1"]
[WhiteElo "2040"]
[BlackElo "2176"]
[PlyCount "78"]
[EventDate "2018.??.??"]

1. d4 d5 2. c4 c6 3. Nf3 Nf6 4. e3 Bg4 5. h3 Bh5 6. Nc3 e6 7. g4 Bg6 8. Ne5
Nbd7 9. Nxg6 hxg6 10. Bg2 dxc4 11. e4 Nb6 12. g5 Nfd7 13. Be3 e5 14. d5 Nc5 15.
Kf1 Qc7 16. Qg4 Nd3 17. Rb1 Bb4 18. Nd1 Rd8 19. Qe2 cxd5 20. Bxb6 Qxb6 21. exd5
Qd4 22. Ne3 Bc5 23. b4 Be7 24. Rd1 b5 25. Nc2 Qc3 26. h4 Bxb4 27. Nxb4 Qxb4 28.
h5 gxh5 29. Rxh5 Rxh5 30. Qxh5 Qb2 31. Qf3 Qxa2 32. g6 f6 33. Qf5 Nf4 34. Bf3
c3 35. Re1 Qc4+ 36. Kg1 Kf8 37. Re4 Qc8 38. Rxf4 Qxf5 39. Rxf5 c2 0-1

[Event "OLNN 1819 SK Johanneum Eppendorf - SC K"]
[Site "?"]
[Date "2018.11.25"]
[Round "3.7"]
[White "Cremer, Jochen"]
[Black "Schueler, Hendrik"]
[Result "1-0"]
[WhiteElo "2104"]
[BlackElo "2133"]
[PlyCount "77"]
[EventDate "2018.??.??"]

1. c4 Nf6 2. Nc3 c5 3. g3 Nc6 4. Bg2 d6 5. a3 a5 6. e3 g6 7. Nge2 Bg7 8. d4 O-O
9. O-O Bd7 10. b3 Re8 11. d5 Na7 12. a4 Rb8 13. Bb2 Qc8 14. Re1 Bh3 15. Bh1 g5
16. Qd2 Qg4 17. f3 Qh5 18. Nd1 b6 19. g4 Qh4 20. Ng3 e6 21. Nf2 Rbd8 22. Rad1
Nc8 23. Bc3 Ne7 24. Nge4 Nxe4 25. Nxe4 e5 26. Qf2 f5 27. Qxh4 gxh4 28. Nf2 h5
29. Nxh3 hxg4 30. fxg4 fxg4 31. Ng5 Bh6 32. Ne6 Rd7 33. Be4 Kh8 34. Bd2 Rg8 35.
Rf1 Ng6 36. Rf6 Kh7 37. Rdf1 h3 38. Rxg6 Rxg6 39. Rf6 1-0

[Event "OLNN 1819 SK Johanneum Eppendorf - SC K"]
[Site "?"]
[Date "2018.11.25"]
[Round "3.8"]
[White "Ahmels, Volker"]
[Black "Samson, Valentin"]
[Result "1/2-1/2"]
[WhiteElo "2183"]
[BlackElo "1792"]
[PlyCount "62"]
[EventDate "2018.??.??"]

1. e4 e6 2. d4 d5 3. Nc3 Bb4 4. Nge2 dxe4 5. a3 Bxc3+ 6. Nxc3 Nf6 7. Bg5 Nbd7
8. Nxe4 h6 9. Bh4 O-O 10. Bd3 b6 11. Qf3 Rb8 12. Nxf6+ Nxf6 13. O-O-O g5 14.
Bg3 Bb7 15. Qe2 Bxg2 16. Rhg1 Bh3 17. Be5 Bf5 18. f4 Nh7 19. Bxf5 exf5 20. Qh5
f6 21. fxg5 fxe5 22. dxe5 Qe7 23. g6 Ng5 24. Qxh6 Ne6 25. g7 Nxg7 26. Rd3 c5
27. Rh3 Qxe5 28. Qh7+ Kf7 29. Qg6+ Kg8 30. Qh7+ Kf7 31. Qg6+ Kg8 1/2-1/2

[Event "OLNN 1819 Preetzer TSV - Hamburger SK I"]
[Site "?"]
[Date "2018.11.25"]
[Round "3.1"]
[White "Gaede, Derek"]
[Black "Pedersen, Steffen"]
[Result "1/2-1/2"]
[WhiteElo "2299"]
[BlackElo "2335"]
[PlyCount "71"]
[EventDate "2018.??.??"]

1. d4 f5 2. Nf3 Nf6 3. g3 g6 4. Bg2 Bg7 5. O-O O-O 6. b3 d6 7. Bb2 c6 8. Nbd2
a5 9. a4 Na6 10. e3 Qc7 11. Qe2 Ne4 12. Nxe4 fxe4 13. Nd2 d5 14. f3 exf3 15.
Nxf3 Nc5 16. Ne5 Bf5 17. g4 Be4 18. Rxf8+ Rxf8 19. Rf1 Rxf1+ 20. Qxf1 Bxe5 21.
dxe5 Bxg2 22. Kxg2 Qd7 23. h3 Ne4 24. Qe1 b6 25. b4 axb4 26. Qxb4 h5 27. Qxb6
hxg4 28. Qb8+ Kf7 29. e6+ Qxe6 30. Qf4+ Ke8 31. hxg4 c5 32. Qb8+ Kf7 33. Qf4+
Ke8 34. Qb8+ Kf7 35. Qf4+ Ke8 36. Qb8+ 1/2-1/2

[Event "OLNN 1819 Preetzer TSV - Hamburger SK I"]
[Site "?"]
[Date "2018.11.25"]
[Round "3.2"]
[White "Schwarz, Frank"]
[Black "Groetzbach, Julian"]
[Result "1/2-1/2"]
[WhiteElo "2232"]
[BlackElo "2247"]
[PlyCount "43"]
[EventDate "2018.??.??"]

1. d4 d5 2. Bf4 c5 3. e3 Nc6 4. c3 Nf6 5. Nf3 Qb6 6. Qb3 c4 7. Qxb6 axb6 8.
Nbd2 b5 9. Be2 b4 10. cxb4 Nxb4 11. O-O Bf5 12. Ne5 h6 13. a3 Nc6 14. Rfc1 e6
15. b3 c3 16. Ndf3 Rxa3 17. Nxc6 bxc6 18. Rxa3 Bxa3 19. Rxc3 c5 20. Bd3 Bxd3
21. Rxd3 Ne4 22. Nd2 1/2-1/2

[Event "OLNN 1819 Preetzer TSV - Hamburger SK I"]
[Site "?"]
[Date "2018.11.25"]
[Round "3.3"]
[White "Zieher, Hartmut"]
[Black "Reinecker, Kai"]
[Result "0-1"]
[WhiteElo "2214"]
[BlackElo "2256"]
[PlyCount "118"]
[EventDate "2018.??.??"]

1. e4 e5 2. Nf3 Nf6 3. d4 Nxe4 4. Bd3 d5 5. Nxe5 Nd7 6. O-O Nxe5 7. dxe5 Nc5 8.
Nc3 c6 9. Ne2 Be7 10. Be3 Nxd3 11. cxd3 f6 12. d4 O-O 13. Rc1 Qe8 14. Qb3 Bd8
15. f4 Rf7 16. Ng3 f5 17. Rc2 Be6 18. Ne2 Rc8 19. Qa4 b6 20. Nc1 Rfc7 21. b4
Be7 22. Nd3 Qd7 23. Rfc1 Kf7 24. Rc3 h6 25. Qc2 Bd8 26. Bf2 Kg8 27. Qd1 Be7 28.
Qe1 Kh7 29. Bh4 Bf8 30. R1c2 Kg8 31. Qc1 Kh7 32. Bf2 Be7 33. h3 Bd8 34. Ne1 Kg8
35. Nf3 Kh7 36. a3 Be7 37. Bh4 Bf8 38. Bf2 a6 39. Ne1 Be7 40. Nd3 Bd8 41. a4 c5
42. bxc5 Qxa4 43. Ra3 Qe8 44. Rxa6 bxc5 45. Nxc5 Rc6 46. Rxc6 Rxc6 47. Qb1 Rb6
48. Rb2 Qc6 49. Qa2 Rxb2 50. Qxb2 Bc8 51. Qb8 Be7 52. Nd3 Ba6 53. Nc5 Bxc5 54.
dxc5 d4 55. Qd6 Qb5 56. Qxd4 Qf1+ 57. Kh2 Bb7 58. Kg3 Qxg2+ 59. Kh4 g5+ 0-1

[Event "OLNN 1819 Preetzer TSV - Hamburger SK I"]
[Site "?"]
[Date "2018.11.25"]
[Round "3.4"]
[White "Junge, Kai"]
[Black "Bracker, Arne"]
[Result "1/2-1/2"]
[WhiteElo "2211"]
[BlackElo "2159"]
[PlyCount "150"]
[EventDate "2018.??.??"]

1. Nf3 Nf6 2. g3 g6 3. Bg2 Bg7 4. O-O O-O 5. d4 d5 6. c4 dxc4 7. Na3 c3 8. bxc3
c5 9. Qb3 Nc6 10. Rd1 cxd4 11. cxd4 Na5 12. Qb2 Bf5 13. Ne5 Be4 14. f3 Bf5 15.
e4 Be6 16. Be3 Nd7 17. Nxd7 Qxd7 18. Bf1 Rac8 19. Rab1 Rfd8 20. Bf2 a6 21. Qb6
Qa4 22. d5 Rd6 23. Qb4 Qxb4 24. Rxb4 b5 25. Bd4 Bxd4+ 26. Rbxd4 Bd7 27. R1d2
Rc3 28. R2d3 Rc1 29. Rd1 Rxd1 30. Rxd1 e6 31. Nc2 exd5 32. exd5 h5 33. Kf2 Kf8
34. Ne3 Ke7 35. Rc1 Kd8 36. f4 Rb6 37. Kf3 Nb7 38. Ke4 Nd6+ 39. Kd4 Rb8 40. Bd3
a5 41. Ke5 Ke7 42. Rc7 b4 43. Kd4 a4 44. Rc1 b3 45. axb3 Rxb3 46. Rc7 Kd8 47.
Ra7 Rb2 48. Ra8+ Ke7 49. Ra7 Rxh2 50. f5 Rf2 51. fxg6 fxg6 52. Ke5 Rf3 53. Nc4
Nb5 54. d6+ Nxd6 55. Nxd6 Rxd3 56. Ne4 Rd1 57. Nc5 g5 58. Nxd7 Rxd7 59. Rxa4
Rd3 60. g4 h4 61. Ra7+ Kd8 62. Rg7 Ra3 63. Ke6 Ra6+ 64. Kf5 Rh6 65. Ra7 h3 66.
Ra1 h2 67. Rh1 Rh3 68. Kxg5 Ke7 69. Kf5 Rf3+ 70. Ke4 Rf2 71. Ke3 Ra2 72. Kf3
Kf6 73. Kg3 Kg5 74. Rxh2 Rxh2 75. Kxh2 Kxg4 1/2-1/2

[Event "OLNN 1819 Preetzer TSV - Hamburger SK I"]
[Site "?"]
[Date "2018.11.25"]
[Round "3.5"]
[White "Woelk, Tom-Frederic"]
[Black "Light, Bjarne"]
[Result "1/2-1/2"]
[WhiteElo "2287"]
[BlackElo "2189"]
[PlyCount "117"]
[EventDate "2018.??.??"]

1. e4 c5 2. Nf3 g6 3. d4 cxd4 4. Qxd4 Nf6 5. e5 Nc6 6. Qa4 Nd5 7. Qe4 Nb6 8.
Bb5 Bg7 9. O-O d5 10. Qh4 h6 11. Re1 Qc7 12. Nc3 a6 13. Bxc6+ bxc6 14. a4 e6
15. b3 c5 16. Bb2 Bb7 17. Nb1 Nd7 18. Nbd2 Bf8 19. c4 Be7 20. Qg3 Rb8 21. cxd5
Bxd5 22. Re3 Rb7 23. Rc1 Qb8 24. Ne1 Rb4 25. Nd3 Bh4 26. Qh3 Bg5 27. Nxb4 Qxb4
28. Bc3 Qb7 29. Re2 O-O 30. Qg3 Rb8 31. f4 Be7 32. Rb1 c4 33. b4 Nb6 34. f5 Kh7
35. fxg6+ fxg6 36. Rf1 Rf8 37. Rxf8 Bxf8 38. Qf4 Bg7 39. a5 Na4 40. Bd4 Qxb4
41. Ne4 Bxe4 42. Qxe4 Nc3 43. Bxc3 Qxc3 44. h4 h5 45. Rc2 Qa1+ 46. Kf2 Qxa5 47.
Rxc4 Qxe5 48. Qxe5 Bxe5 49. Ra4 Kg7 50. Rxa6 Kf6 51. Kf3 Bc3 52. Rc6 Be1 53. g3
Kf5 54. Rc1 Bb4 55. Rc4 Bd6 56. Rc6 Bb4 57. Rc7 Kf6 58. Rb7 Bd6 59. Rb6 1/2-1/2

[Event "OLNN 1819 Preetzer TSV - Hamburger SK I"]
[Site "?"]
[Date "2018.11.25"]
[Round "3.6"]
[White "Schwarzat, Julian"]
[Black "Hinrichs, Lars"]
[Result "0-1"]
[WhiteElo "2098"]
[BlackElo "2230"]
[PlyCount "118"]
[EventDate "2018.??.??"]

1. e4 e6 2. d3 d5 3. Nd2 Nf6 4. Ngf3 Bc5 5. e5 Nfd7 6. d4 Be7 7. c3 c5 8. Bd3
Nc6 9. O-O g5 10. h3 h5 11. g4 hxg4 12. hxg4 Qb6 13. Re1 cxd4 14. Nb3 dxc3 15.
bxc3 Qc7 16. Qe2 b6 17. Nbd4 Bb7 18. Nb5 Qd8 19. Bxg5 Bxg5 20. Nd6+ Kf8 21.
Nxb7 Qe7 22. Bb5 Ndxe5 23. Nxe5 Nxe5 24. Qxe5 Bf6 25. Qg3 Qxb7 26. Qf3 Kg7 27.
Rad1 Qc7 28. Re3 a6 29. Ba4 Qh2+ 30. Kf1 Qh1+ 31. Ke2 Qxf3+ 32. Rxf3 Rac8 33.
Rc1 Rc4 34. g5 Bxg5 35. Rg1 f6 36. Bd7 Re4+ 37. Re3 Rxe3+ 38. fxe3 Kf7 39. Rb1
Ke7 40. Bc6 Rh2+ 41. Kd3 Kd6 42. Rxb6 Kc5 43. Rxa6 e5 44. c4 dxc4+ 45. Ke4 Rh3
46. Be8 Rxe3+ 47. Kf5 c3 48. Rc6+ Kd5 49. Rc8 Rf3+ 50. Kg4 e4 51. a4 Kd4 52. a5
Rf4+ 53. Kg3 Rf5 54. a6 Ra5 55. Rc6 Kd3 56. Rd6+ Ke3 57. Rc6 Bf4+ 58. Kg4 f5+
59. Kh3 Kd2 0-1

[Event "OLNN 1819 Preetzer TSV - Hamburger SK I"]
[Site "?"]
[Date "2018.11.25"]
[Round "3.7"]
[White "Bach, Matthias"]
[Black "Willsch, Matthias"]
[Result "1-0"]
[WhiteElo "2289"]
[BlackElo "2187"]
[PlyCount "75"]
[EventDate "2018.??.??"]

1. d4 d5 2. c4 dxc4 3. Nf3 Nf6 4. Nc3 a6 5. a4 Nc6 6. e4 Bg4 7. Be3 Bxf3 8.
gxf3 e5 9. d5 Na5 10. f4 Bd6 11. f5 Qe7 12. Qf3 Nd7 13. Rg1 f6 14. Qg4 Kf8 15.
Qh4 h6 16. Be2 Bc5 17. Rg3 Rb8 18. d6 Qxd6 19. Rd1 Bd4 20. Nd5 c6 21. Bxd4 cxd5
22. Bc3 Nc6 23. Qg4 Rg8 24. Bxc4 Nb6 25. Bxd5 Nxd5 26. Rxd5 Qe7 27. Rgd3 Rd8
28. Rxd8+ Nxd8 29. Qd1 Ke8 30. Qb3 Rh8 31. Bb4 Qc7 32. Qd5 Qc8 33. Bc5 Nc6 34.
b4 b5 35. axb5 axb5 36. Ra3 Rf8 37. Bxf8 Kxf8 38. Rc3 1-0

[Event "OLNN 1819 Preetzer TSV - Hamburger SK I"]
[Site "?"]
[Date "2018.11.25"]
[Round "3.8"]
[White "Dittmann, Hans-Adolf"]
[Black "Holinka, Henning"]
[Result "0-1"]
[WhiteElo "2054"]
[BlackElo "2090"]
[PlyCount "86"]
[EventDate "2018.??.??"]

1. e4 g6 2. d4 Bg7 3. c3 d6 4. Nf3 b6 5. Bc4 e6 6. Bg5 Ne7 7. O-O h6 8. Bh4 Nd7
9. Na3 Bb7 10. Re1 g5 11. Bg3 Ng6 12. Bd3 O-O 13. e5 Nf4 14. Bxf4 gxf4 15. Be4
Bxe4 16. Rxe4 f5 17. Re2 dxe5 18. dxe5 Nc5 19. Nb5 a6 20. Nbd4 Qd5 21. Qd2 Ne4
22. Qxf4 c5 23. Nb3 Qc4 24. Rae1 Rad8 25. g3 Rd1 26. Kg2 Rfd8 27. Rxd1 Rxd1 28.
Qe3 Rd3 29. Qf4 Rd1 30. Re1 Rxe1 31. Nxe1 Qe2 32. Qe3 Qxb2 33. Nc1 Qxc3 34.
Ned3 c4 35. Qxb6 cxd3 36. Qxe6+ Kh8 37. Qxf5 Qxc1 38. e6 Qc6 39. Qf3 d2 40. e7
Qe6 41. Qf8+ Bxf8 42. exf8=Q+ Kh7 43. Qf3 Qd5 0-1

[Event "OLNN 1819 SG Turm Kiel II - SK Marmstor"]
[Site "?"]
[Date "2018.11.25"]
[Round "3.1"]
[White "Hebbinghaus, Holger"]
[Black "Hoi, Carsten"]
[Result "1/2-1/2"]
[WhiteElo "2284"]
[BlackElo "2380"]
[PlyCount "68"]
[EventDate "2018.??.??"]

1. d4 Nf6 2. Nf3 g6 3. Bg5 Bg7 4. Nbd2 d6 5. e4 O-O 6. c3 Nc6 7. Bb5 Bd7 8. O-O
h6 9. Bh4 g5 10. Bg3 Nh5 11. d5 Nxg3 12. hxg3 Ne5 13. Bxd7 Nxf3+ 14. Nxf3 Qxd7
15. Nd4 e6 16. Qg4 Bxd4 17. cxd4 f5 18. exf5 exf5 19. Qf3 f4 20. g4 Rae8 21.
Rfe1 Rf7 22. Rac1 Rfe7 23. Rxe7 Rxe7 24. b3 Kg7 25. a4 a6 26. Kh2 Qe8 27. Rc2
a5 28. Rc4 Kg8 29. Rc1 Qf7 30. Kg1 Kf8 31. Kf1 Qg6 32. Qc3 h5 33. gxh5 Qxh5 34.
Qh3 Qxh3 1/2-1/2

[Event "OLNN 1819 SG Turm Kiel II - SK Marmstor"]
[Site "?"]
[Date "2018.11.25"]
[Round "3.2"]
[White "Berg, Klaus"]
[Black "Hawellek, Jeronimo"]
[Result "1/2-1/2"]
[WhiteElo "2300"]
[BlackElo "2277"]
[PlyCount "75"]
[EventDate "2018.??.??"]

1. d4 f5 2. Nc3 Nf6 3. Bg5 d5 4. e3 e6 5. Nf3 Be7 6. Bd3 O-O 7. O-O Ne4 8. Bxe7
Qxe7 9. Ne2 c5 10. c4 dxc4 11. Bxc4 Nd6 12. Bb3 c4 13. Bc2 b5 14. b3 Bb7 15.
Ne5 Nd7 16. a4 a6 17. Qd2 Nb6 18. Qa5 Nd5 19. bxc4 Nxc4 20. Nxc4 bxc4 21. Rab1
Rac8 22. e4 fxe4 23. Bxe4 Rc7 24. Bxd5 Bxd5 25. Nc3 Bb7 26. Rbe1 Rf5 27. Qxf5
exf5 28. Rxe7 Rxe7 29. Rb1 Be4 30. Rb8+ Kf7 31. f3 Rb7 32. Rxb7+ Bxb7 33. a5 g5
34. Kf2 f4 35. h3 Ke6 36. Ke2 h5 37. Kf2 Bc6 38. Ke2 1/2-1/2

[Event "OLNN 1819 SG Turm Kiel II - SK Marmstor"]
[Site "?"]
[Date "2018.11.25"]
[Round "3.3"]
[White "Ramme, Christoph"]
[Black "Michna, Marta"]
[Result "0-1"]
[WhiteElo "2155"]
[BlackElo "2327"]
[PlyCount "102"]
[EventDate "2018.??.??"]

1. e4 e6 2. d4 d5 3. Nd2 Nf6 4. e5 Nfd7 5. c3 c5 6. Bd3 Nc6 7. Ne2 a5 8. O-O
cxd4 9. cxd4 Nb6 10. f4 g6 11. Nf3 h5 12. Bd2 Bd7 13. Qc2 Ne7 14. b3 Nf5 15. a4
Bc6 16. Rfc1 Nd7 17. Qd1 Qb6 18. Rab1 Be7 19. Qc2 Nb8 20. Bxf5 gxf5 21. Be1 h4
22. Bf2 Nd7 23. Kh1 Nf8 24. Rg1 Ng6 25. Be3 Rg8 26. g4 hxg3 27. Rxg3 Kd7 28.
Rbg1 Rh8 29. Ng5 Bxg5 30. Rxg5 Rh6 31. R1g2 Rah8 32. Bf2 Qb4 33. Qd1 Qe7 34.
Qd2 Qa3 35. Qc3 Rc8 36. Qxa5 Qxb3 37. Qc5 Ke8 38. Rxg6 fxg6 39. a5 Qf3 40. Bg1
Rh4 41. Bf2 Rh7 42. Bg3 Bd7 43. Qb6 Rc2 44. Kg1 Qd3 45. Kf1 Bc8 46. Qd6 Qd1+
47. Be1 Rh3 48. Qb4 Bd7 49. Ng3 Rxh2 50. Rxh2 Rxh2 51. Qc3 Rc2 0-1